[Event "Mississauga Goldon Horseshoe op U2000"]
[Site "Mississauga"]
[Date "2018.06.02"]
[Round "3.2"]
[White "Supsup, Ferdinand"]
[Black "Bergeron, Matthew"]
[Result "1-0"]
[WhiteElo "1754"]
[BlackElo "1909"]
[PlyCount "67"]
[EventDate "2018.06.02"]
[EventType "swiss"]
[EventRounds "5"]
[EventCountry "CAN"]
[SourceTitle "EXT 2022"]
[Source "ChessBase"]
[SourceDate "2021.10.06"]
[SourceVersion "1"]
[SourceVersionDate "2021.10.06"]
[SourceQuality "1"]

1. e4 e6 2. d3 c5 3. Nf3 Nc6 4. g3 Nf6 5. Bg2 d5 6. Nbd2 h5 7. h4 Ng4 8. 0-0 Be7 9. Re1 d4 10. e5 g5 11. hxg5 Bxg5 12. Nxg5 Qxg5 13. Ne4 Qxe5 14. Bf4 Qg7 15. Nd6+ Kf8 16. Bxc6 bxc6 17. Qf3 Bd7 18. Nc4 f6 19. Bd6+ Kg8 20. Bxc5 e5 21. c3 h4 22. cxd4 hxg3 23. fxg3 Rh3 24. Re2 Kf7 25. Nd6+ Kg6 26. dxe5 Rah8 27. e6 Rh1+ 28. Qxh1 Rxh1+ 29. Kxh1 Qh6+ 30. Kg2 Qh2+ 31. Kf3 Ne5+ 32. Rxe5 fxe5 33. exd7 Qh5+ 34. Kg2 1-0